टुकड़ा-टुकड़ा सांस / (Record no. 113448)

MARC details
000 -LEADER
fixed length control field 00997nam a22002537a 4500
005 - DATE AND TIME OF LATEST TRANSACTION
control field 20170124102953.0
010 ## - LIBRARY OF CONGRESS CONTROL NUMBER
LC control number A-811393
020 ## - INTERNATIONAL STANDARD BOOK NUMBER
Terms of availability 60.00
035 ## - SYSTEM CONTROL NUMBER
System control number A-811393
037 ## - SOURCE OF ACQUISITION
Source of stock number/acquisition Cen Lib/Ret
040 ## - CATALOGING SOURCE
Original cataloging agency DPL
Language of cataloging HN
082 ## - DEWEY DECIMAL CLASSIFICATION NUMBER
Classification number
Item number मधोक
100 ## - MAIN ENTRY--PERSONAL NAME
Personal name मधोक, कमला
9 (RLIN) 52276
245 ## - TITLE STATEMENT
Title टुकड़ा-टुकड़ा सांस /
Statement of responsibility, etc कमला मधोक
246 ## - VARYING FORM OF TITLE
Title proper/short title Tukda-tukda sans/
Remainder of title by Kamlaa Madhok
260 ## - PUBLICATION, DISTRIBUTION, ETC. (IMPRINT)
Place of publication, distribution, etc दिल्ली
Name of publisher, distributor, etc सूर्य भारती प्रकाशन
Date of publication, distribution, etc 1996
270 ## - ADDRESS
City दिल्ली
Address २५९६/6, कन्हैय्या नगर, त्रिनगर
Postal code 110035
300 ## - PHYSICAL DESCRIPTION
Extent 120पृ.
Dimensions 16सेमी(सजिल्द )
650 ## - SUBJECT ADDED ENTRY--TOPICAL TERM
Topical term or geographic name as entry element हिंदी साहित्य
General subdivision
Geographic subdivision
9 (RLIN) 52277
650 ## - SUBJECT ADDED ENTRY--TOPICAL TERM
Topical term or geographic name as entry element हिंदी कहानियां
9 (RLIN) 2082
650 ## - SUBJECT ADDED ENTRY--TOPICAL TERM
Topical term or geographic name as entry element Hindi literature
Form subdivision
9 (RLIN) 52278
650 ## - SUBJECT ADDED ENTRY--TOPICAL TERM
Topical term or geographic name as entry element Hindi stories
9 (RLIN) 52279
942 ## - ADDED ENTRY ELEMENTS (KOHA)
Source of classification or shelving scheme Dewey Decimal Classification
Koha item type Hindi Books
Classification part
Call number suffix मधोक
Holdings
Withdrawn status Lost status Damaged status Not for loan Home library Current library Date acquired Source of acquisition Cost, normal purchase price Total Checkouts Full call number Barcode Date last seen Copy number Cost, replacement price Price effective from Koha item type Public note Source of classification or shelving scheme Collection code
Written off       Central Library Central Library 12/08/2015 Cen Lib/Ret 60.00   क मधोक A-811393 12/08/2015 1 60.00 12/08/2015 Hindi Books Written off on approval by DLB (By Circulation); dtd 20.12.2022    
        Patel Nagar Patel Nagar 13/11/2018 BPPD/PUB 60.00   क मधोक A-811394 13/11/2018   60.00 13/11/2018 Hindi Books   Dewey Decimal Classification Fiction

© Delhi Public Library
Hit Counter
free hit counter